Farby koralových útesov v skle

Bibliographic Details
Main Author: Mikolaj, Dušan, 1948- (Author)
Format: Article
Language:Slovak
PhysicalDescription:Fotografie
ISSN:1335-5457
Subjects:
Online Access:http://www.uluv.sk/sk/web/casopis-rud/archiv/rok-2019/rud-022019/farby-koralovych-utesov-v-skle/

MARC

LEADER 00000nab a2200000 a 4500
001 vtls011895763
003 SK-MaSNL
005 20260304022829.0
008 191023c2015 xo qr0p 000 a slo
015 |a SNBRB2015/04 
038 |a BAULUV 
040 |a BAULUV  |b slo  |c BAULUV  |e rda 
041 |a slo  |b eng 
044 |a xo  |c SK 
072 7 |a 7.01/.09  |x Umenie  |2 konspekt 
080 |a 666.1  |2 2011 
080 |a 748  |2 2011 
080 |a 74  |2 2011 
100 1 |a Mikolaj, Dušan,  |d 1948-  |4 aut  |9 222298 
245 1 0 |a Farby koralových útesov v skle  |c Dušan Mikolaj 
300 |b Fotografie 
336 |a text  |b txt  |2 rdacontent 
337 |a bez média  |b n  |2 rdamedia 
338 |a zväzok  |b nc  |2 rdacarrier 
600 1 7 |a Meliš, Stanislav,  |d 1947  |2 SNKPH  |9 1189318 
650 0 7 |a sklárstvo  |2 SNKPH  |9 26917 
650 0 7 |a umelecké spracovanie skla  |2 SNKPH  |9 874669 
650 0 7 |a dizajn  |2 SNKPH  |9 762 
650 0 7 |a Glassworks  |2 SNKPHeng  |9 433001 
650 0 7 |a Design  |2 SNKPHeng  |9 267116 
655 7 |a články z novín a časopisov  |2 SNKPH  |9 267496 
773 0 |t Remeslo, umenie, dizajn  |p RUD  |g Roč. 20, č. 2 (2019), s. 54-55  |x 1335-5457 
852 |a BAULUV  |b KIS3GCP 
856 2 |u http://www.uluv.sk/sk/web/casopis-rud/archiv/rok-2019/rud-022019/farby-koralovych-utesov-v-skle/ 
958 |a SK 
958 |a RBX 
999 |c 2613113  |d 2615043